01004nam a2200157 a 4500008004100000020001800041041000800059100002000067245003100087250001100118260004000129300002200169500007300191505057100264655001100835161215e2013 ag ||||g |||| 00| f spa d a9789500744447 aspa1 aAllende, Isabel aEva Luna /cIsabel Allende a1a ed. aBuenos Aires:bSudamericana;c2013. a288 p.c19x13 cm. aAllende, I. (2013). Eva luna. (1a ed.). Buenos Aires : Sudamericana. aEn Eva Luna, su tercera novela, Isabel Allende recupera su país a través de la memoria y la imaginación. La cautivadora protagonista de esta historia constituye un nostálgico álter ego de la autora, que se llama a sí misma "ladrona de historias" precisamente porque en las historias radica el secreto de la vida y el mundo. Novela de hondo perfil humano, Eva Luna funde el destino individual con el colectivo mediante una fulgurante prosa de carácter épico. Sin duda, una de las mejoras obras de la literatura latinoamericana de los últimos años. aNovela